Những tâm hồn lạc = The lost souls
Gardado en:
| Formato: | Libro |
|---|---|
| Idioma: | Undetermined |
| Publicado: |
Thành phố Hồ Chí Minh
Tổng hợp Thành phố Hồ Chí Minh
2011
|
| Những chủ đề: | |
| Các nhãn: |
Engadir etiqueta
Sen Etiquetas, Sexa o primeiro en etiquetar este rexistro!
|
| Thư viện lưu trữ: | Trung tâm Học liệu Trường Đại học Cần Thơ |
|---|
| LEADER | 00668nam a2200193Ia 4500 | ||
|---|---|---|---|
| 001 | CTU_193666 | ||
| 008 | 210402s9999 xx 000 0 und d | ||
| 020 | |c 36000 | ||
| 082 | |a 895.9223008 | ||
| 082 | |b Nh556 | ||
| 245 | 0 | |a Những tâm hồn lạc = | |
| 245 | 4 | |b The lost souls | |
| 245 | 0 | |c Nhiều tác giả ; Tôn Thất Lan (Tuyển chọn và biên dịch) | |
| 260 | |a Thành phố Hồ Chí Minh | ||
| 260 | |b Tổng hợp Thành phố Hồ Chí Minh | ||
| 260 | |c 2011 | ||
| 650 | |a Short stories, Vietnamese,Truyện ngắn Việt Nam | ||
| 910 | |a Hải | ||
| 980 | |a Trung tâm Học liệu Trường Đại học Cần Thơ | ||